Hindistan Ülke Testi - Statistics

General Stats
  • This quiz has been taken 341 times
  • The average score is 9 of 30
Answer Stats
İpucu Cevap % Correct
En yaygın dinler İslam
86%
En yaygın diller Hintçe
84%
Dindeki en kutsal hayvan İnek
83%
En yaygın dinler Hinduizm
74%
En büyük şehirler Delhi
68%
Hindistan'da "icat edilen" sayı Sıfır
50%
En uzun nehirleri Ganj Nehri
46%
En yaygın dinler Hristiyanlık
46%
Hint film endüstrisinin takma adı Bollywood
45%
Para birimi Rupi
42%
En popüler spor Kriket
35%
En büyük şehirler Mumbai
34%
Hindistan'ın İngiltere'den bağımsızlığının lideri Mohandas Gandi
33%
En yüksek sıradağlar Himalayalar
32%
En ünlü sembol yapı (Agra'da) Tac Mahal
29%
Pakistan ve Çin ile tartışmalı olan bölge Kaşmir
19%
Dinde tanrıların "Büyük Üçlüsü" Brahma
17%
En uzun nehirleri İndus Nehri
15%
O lidere verilen “Yüce Ruh” anlamına gelen lakap Mahatma
15%
Kadınlar tarafından giyilen toga benzeri giysi Sari
14%
En yaygın diller Bengalce
11%
En yaygın dinler Sihizm
11%
Dinde tanrıların "Büyük Üçlüsü" Şiva
11%
En büyük şehirler Kalküta
8%
En yaygın diller Tamilce
6%
Dinde tanrıların "Büyük Üçlüsü" Vişnu
5%
Ulusal hayvan Bengal Kaplanı
4%
En yaygın diller Teluguca
3%
Dindeki en yüksek sosyal sınıf Brahminler
1%
En yaygın diller Marathice
1%
No matching quizzes found
Score Distribution
Percent of People with Each Score
Percentile by Number Answered
Your Score History
You have not taken this quiz